<?xml version="1.0" encoding="UTF-8"?>
<collection xmlns="http://www.loc.gov/MARC21/slim">
 <record>
  <leader>00463pamaa2200157   4500</leader>
  <controlfield tag="001">0000017447</controlfield>
  <controlfield tag="005">20060705090000.0</controlfield>
  <datafield tag="020" ind1="0" ind2="0">
   <subfield code="a">1853431001 </subfield>
  </datafield>
  <datafield tag="082" ind1=" " ind2=" ">
   <subfield code="a">362.2 BAR</subfield>
  </datafield>
  <datafield tag="090" ind1="0" ind2="0">
   <subfield code="a">RC514 </subfield>
   <subfield code="b">BAR 1989</subfield>
  </datafield>
  <datafield tag="100" ind1="1" ind2="0">
   <subfield code="a">BARNES </subfield>
  </datafield>
  <datafield tag="245" ind1="1" ind2="0">
   <subfield code="a">Something sacred : </subfield>
   <subfield code="b">conversations, writings, paintings  </subfield>
   <subfield code="c">Mary Barnes with Ann Scott.</subfield>
  </datafield>
  <datafield tag="260" ind1="0" ind2="0">
   <subfield code="a">London: </subfield>
   <subfield code="b">Free Association Books, </subfield>
   <subfield code="c">1989.</subfield>
  </datafield>
  <datafield tag="300" ind1=" " ind2=" ">
   <subfield code="a">xi, 146p.: </subfield>
   <subfield code="b">23cm.</subfield>
  </datafield>
  <datafield tag="650" ind1="0" ind2="0">
   <subfield code="a">Schzophrenics -- </subfield>
   <subfield code="x">Biographies </subfield>
  </datafield>
  <datafield tag="700" ind1="1" ind2="1">
   <subfield code="a">Scott, </subfield>
   <subfield code="h">Ann </subfield>
  </datafield>
 </record>
</collection>
